| 000 | 01484nam a22004217a 4500 | ||
|---|---|---|---|
| 003 | CHAP | ||
| 005 | 20220817044233.0 | ||
| 008 | 081119s2004 mx a r 00010 spa d | ||
| 010 | _a95402 | ||
| 011 | _a96374 | ||
| 020 | _a9688385875 | ||
| 035 | _a107026 | ||
| 040 | _cCHAP | ||
| 090 | _aFolleto 17385 | ||
| 100 | 1 |
_aSzékely, Miguel. _9111185 |
|
| 245 | 1 | 0 |
_aMéxico 2000 - 2002 : _breducción de la pobreza con estabilidad y expansión de programas sociales _c/por Miguel Székely y Ericka Rascón |
| 260 |
_aMéxico : _bSEDESOL, _c2004 |
||
| 300 |
_a52 p. : _bgráfs., cuadros |
||
| 490 | 0 |
_aDocumentos de investigación _v; 15 |
|
| 590 |
_aBATCH-UPD _b10 _c20130110 _lUCH01 _h0523 |
||
| 590 |
_aBATCH-UPD _b10 _c20130110 _lUCH01 _h2349 |
||
| 590 |
_aBATCH-UPD _b10 _c20130410 _lUCH01 _h0202 |
||
| 590 |
_aBATCH-UPD _b10 _c20130410 _lUCH01 _h1636 |
||
| 590 |
_aBATCH-UPD _b10 _c20130914 _lUCH01 _h0823 |
||
| 590 |
_aCONVERSION _b10 _c20130109 _lUCH01 _h1353 |
||
| 650 | 1 | 4 |
_aCambio social. _917787 |
| 650 | 1 | 4 |
_aMéxico _xAspectos económicos. _976643 |
| 650 | 1 | 4 |
_aMéxico _xCondiciones económicas. |
| 650 | 1 | 4 |
_aPobreza. _989463 |
| 650 | 1 | 4 | _aPolítica económica. |
| 650 | 1 | 4 |
_aPolítica social. _990696 |
| 700 | 0 |
_aRascón Ramírez, Ericka. _994704 |
|
| 710 | 0 | _aMéxico. Secretaría de Desarrollo Social. | |
| 830 | 0 |
_aDocumentos de investigación _v; 15 |
|
| 901 | _aBK | ||
| 942 | _cFOLL | ||
| 949 |
_aFolleto 17385 _bBC _cFOLL _d33724002078959 _eTS1 _gDonaciØn _i107026 _sb |
||
| 999 |
_c95402 _d95402 |
||